| 000 | 00506cam a2200193 4500 | ||
|---|---|---|---|
| 001 | D6541 | ||
| 008 | 090401t1976 xxu||||| |||| 00| 0 eng d | ||
| 035 | _a(Sirsi) u1366 | ||
| 041 | _aeng | ||
| 050 | _a346.410438 | ||
| 110 |
_aEngland and Wales _bLaw Commission _93302 |
||
| 245 | _aTransfer of land: land registration (fourth paper) | ||
| 260 |
_aLondon _bHMSO _c1976 |
||
| 300 | _avi. 86p. 21cm | ||
| 350 | _a1.15 | ||
| 490 |
_aLaw Commission Working Paper _v67 |
||
| 942 | _n0 | ||
| 948 | _c04/03/1997 | ||
| 999 |
_c85665 _d85665 |
||